000 00579nam a22002297a 4500
003 UA-OsUOA
001 62946
007 ta
008 20090914b un ||||| |||| 00| 0 ukr d
100 _aВасилевський О. М.
090 _a82-94
_bВ19
942 _cBK
040 _aUA-OsUOA
_bukr
_cUA-OsUOA
_dUA-OsUOA
245 _aСправа всього життя
300 _a590 с.
955 _a3
041 _aukr
080 _a82-94
260 _aК.
_c1989
650 7 _a82 Література. Літературознавство
_2UDC
999 _c349039
_d349039